000 00516cam a22001934a 4500
005 20250605164309.0
008 250528s ||||||||||||||||||||||||d
035 _a22381
020 _a9789601621876
040 _aGR-AtMCL
_bgre
_dGR-AtMCL
_eAACR2
245 1 _aΕΙΣΑΓΩΓΗ ΣΤΙΣ ΘΕΩΡΙΕΣ ΤΗΣ ΑΝΘΡΩΠΙΝΗΣ ΑΝΑΠΤΥΞΗΣ
250 _a1
260 _bΠατάκης,
_c2009
300 _a398
700 1 _aSalkind Neil J
_98164
942 _cBK
999 _c7434
_d7434